|
|
|
|
| LEADER |
00000nab a2200000 a 4500 |
| 001 |
vtls008698455 |
| 003 |
SK-MaSNL |
| 005 |
20260304140313.0 |
| 008 |
250505c2006 xo zr|p|||||||000 b|slo |
| 015 |
|
|
|a SNBRB2006/05
|2 snkbucl
|
| 035 |
|
|
|a (uuid)d66b154b-803a-4929-993a-061c6b59377d
|
| 035 |
|
|
|a urn:nbn:sk:snk-abx53
|
| 035 |
|
|
|a (urnnbn)urn:nbn:sk:snk:ar-a043z8
|
| 038 |
|
|
|a SNKBUCL
|
| 040 |
|
|
|a SNKBUCL
|b slo
|c SNKBUCL
|e AACR2
|
| 041 |
0 |
|
|a slo
|
| 044 |
|
|
|a xo
|c SK
|
| 080 |
|
|
|a 796.52.093.1
|x (100)
|2 1997
|
| 100 |
1 |
|
|a Vrkoslav, Martin
|4 aut
|9 1456492
|
| 245 |
1 |
0 |
|a Ice World Cup
|c Martin Vrkoslav
|
| 300 |
|
|
|b Fotogr.
|
| 648 |
|
7 |
|a 2006
|2 snkbucl
|9 313148
|
| 650 |
0 |
7 |
|a športové lezenie
|2 snkbucl
|9 29125
|
| 650 |
0 |
7 |
|a Svetový pohár
|2 snkbucl
|9 842306
|
| 773 |
0 |
|
|t Jamesák
|g Roč. XXXVIII, č. 2 (2006), s. 28-29
|x 1335-3896
|
| 850 |
|
|
|a Slovenská národná knižnica
|
| 852 |
|
|
|a Slovenská národná knižnica
|
| 954 |
|
|
|a odborná, vedecká literatúra pôvodná (slovenská)
|2 lita
|
| 958 |
|
|
|a article27
|
| 958 |
|
|
|a OND
|
| 958 |
|
|
|a EUIPO
|
| 999 |
|
|
|c 2914799
|d 2916729
|